| 000 | 01215cam a2200349 i 4500 | ||
|---|---|---|---|
| 001 | 17873166 | ||
| 003 | OSt | ||
| 005 | 20230923142646.0 | ||
| 008 | 130903s2014 flua b 001 0 eng | ||
| 010 | _a 2013035473 | ||
| 020 | _a9781482216370 | ||
| 040 |
_aDLC _beng _cDLC _erda _dDLC |
||
| 042 | _apcc | ||
| 050 | 0 | 0 |
_aQA331.5 _b.K86 2014 |
| 082 | 0 | 0 |
_a515.8 _bKUM/B |
| 100 | 1 |
_aKumar, Ajit, _d1972- _99579 |
|
| 245 | 1 | 2 |
_aA basic course in real analysis / _cAjit Kumar, S. Kumaresan. |
| 264 | 1 |
_aBoca Raton : _bTaylor & Francis, _cc2014. |
|
| 300 |
_axix, 302 pages : _billustrations ; _c24 cm |
||
| 336 |
_atext _2rdacontent |
||
| 337 |
_aunmediated _2rdamedia |
||
| 338 |
_avolume _2rdacarrier |
||
| 500 | _a"A CRC title." | ||
| 504 | _aIncludes bibliographical references (page 297) and index. | ||
| 650 | 0 |
_aFunctions of real variables _vTextbooks. |
|
| 650 | 0 |
_aMathematical analysis _vTextbooks. |
|
| 650 | 0 |
_aNumbers, Real _vTextbooks. |
|
| 700 | 1 | _aKumaresan, S. | |
| 906 |
_a7 _bcbc _corignew _d1 _eecip _f20 _gy-gencatlg |
||
| 942 |
_2ddc _cBK _h515.8 _iKUM/B _k515.8 _mKUM/B |
||
| 999 |
_c42325 _d42325 |
||